Die mittelbyzantinischen Kirchen Athens

Gespeichert in:  
Bibliographische Detailangaben
VerfasserInnen: Michel, Karl (Verfasst von) ; Struck, Adolf 1877-1911 (Verfasst von)
Medienart: Druck Aufsatz
Sprache:Nichtbestimmte Sprache
Verfügbarkeit prüfen: HBZ Gateway
Fernleihe:Fernleihe für die Fachinformationsdienste
Veröffentlicht: 1906
In:In: Athen. Mitteilungen Sonderabdruck(1906), Seite 279-324 : Ill.
Sammlungen:

MARC

LEADER 00000caa a22000002c 4500
001 08735067X
003 DE-627
005 20241103213126.0
007 tu
008 050731s1906 xx ||||| 00| ||und c
035 |a (DE-627)08735067X 
035 |a (DE-576)9087350678 
035 |a (DE-599)GBV08735067X 
040 |a DE-627  |b ger  |c DE-627  |e rakwb 
084 |a 1  |2 ssgn 
100 1 |a Michel, Karl  |4 aut 
245 1 4 |a Die mittelbyzantinischen Kirchen Athens  |c Karl Michel 
264 1 |c 1906 
336 |a Text  |b txt  |2 rdacontent 
337 |a ohne Hilfsmittel zu benutzen  |b n  |2 rdamedia 
338 |a Band  |b nc  |2 rdacarrier 
601 |a Kirchenlied 
700 1 |8 1\p  |0 (DE-588)117677086  |0 (DE-627)079095097  |0 (DE-576)163229856  |4 aut  |a Struck, Adolf  |d 1877-1911 
773 0 8 |i In  |a Athen. Mitteilungen  |g Sonderabdruck(1906), Seite 279-324 : Ill. 
773 1 8 |g volume:Sonderabdruck  |g year:1906  |g pages:279-324 : Ill. 
883 |8 1\p  |a cgwrk  |d 20241001  |q DE-101  |u https://d-nb.info/provenance/plan#cgwrk 
935 |a RFBW  |a mteo 
951 |a AR 
ELC |b 1 
LOK |0 000 xxxxxcx a22 zn 4500 
LOK |0 001 452329822X 
LOK |0 003 DE-627 
LOK |0 004 08735067X 
LOK |0 005 20241016082519 
LOK |0 008 240515||||||||||||||||ger||||||| 
LOK |0 040   |a DE-Tue135  |c DE-627  |d DE-Tue135 
LOK |0 092   |o n 
LOK |0 852   |a DE-Tue135 
LOK |0 852 1  |9 00 
LOK |0 866   |x SPQUE#Reformationsgeschichtliche Forschungsbibliothek Wittenberg#SPSAM#Lutherhaus#SPUSM#Johannes Ficker 
LOK |0 935   |a RFBW  |a lglu  |a lgfi 
LOK |0 939   |a 15-05-24  |b l01 
ORI |a SA-MARC-ixtheoa001.raw